000 00531nam a2200169Ia 4500
005 20250508160257.0
008 008 250505s9999 xx 000 0 eng d
037 _aBooks to be hide in OPAC
040 _aFEDL
_beng
_cFEDL
041 _aeng
_2eng
084 _a371.7, CAL/O
_qFEDL
245 0 _aTeachers guide in health education for secondary schools
260 _aCalifornia, USA
_bCalifornia State Department of Education
_c1952
300 _aix,85p.
942 _cHB
_h371.7, CAL/O
999 _c1363326
_d1363326